| 000 | 00382nam a22001457a 4500 | ||
|---|---|---|---|
| 020 | _a9780133915426 | ||
| 040 | _cNUST | ||
| 082 | _a620.1 HIB | ||
| 100 | _aHibbeler, R. C | ||
| 245 | _aEngineering Mechanics Statics and Dynamics | ||
| 250 | _aFourteenth Edition | ||
| 260 |
_aHoboken: _bPearson, _c2016. |
||
| 650 |
_aMechanical Engineering Textbooks _9107650 |
||
| 942 |
_2ddc _cBK |
||
| 999 |
_c593001 _d593001 |
||